[Event "Hajduszoboszlo op 2nd"]
[Site "Hajduszoboszlo"]
[Date "2024.02.08"]
[Round "1"]
[White "Szoboszlai, Laszlo"]
[Black "Szaloki, Arpad"]
[Result "0-1"]
[WhiteElo "1481"]
[BlackElo "2007"]
[PlyCount "100"]
[EventDate "2024.02.08"]
[EventType "swiss"]
[EventRounds "7"]
[EventCountry "HUN"]
[SourceTitle "CB08_2024"]
[SourceDate "2024.02.21"]
[SourceVersion "1"]
[SourceVersionDate "2024.02.21"]
[SourceQuality "1"]

1. d4 d5 2. e3 Nf6 3. c4 c6 4. cxd5 cxd5 5. Nc3 Nc6 6. a3 Bf5 7. Bd3 Bxd3 8. Qxd3 e6 9. Nf3 Bd6 10. Nb5 Be7 11. Nc3 0-0 12. 0-0 a6 13. b4 Nd7 14. Bb2 b5 15. Ne2 Nb6 16. Nd2 Nc4 17. Nxc4 bxc4 18. Qc2 Qb6 19. Bc3 a5 20. bxa5 Nxa5 21. Bxa5 Qxa5 22. Rfb1 Bxa3 23. Ra2 Rfb8 24. Rxb8+ Rxb8 25. g3 Rb3 26. Nc1 Rb8 27. Ne2 h6 28. Kg2 Rb3 29. Nc1 Rc3 30. Qd2 Qb4 31. Ne2 Rb3 32. Qxb4 Bxb4 33. Ra8+ Kh7 34. Rb8 Bd2 35. Rc8 Rb2 36. Kf3 g5 37. h4 f5 38. hxg5 hxg5 39. g4 fxg4+ 40. Kxg4 Bxe3 41. fxe3 Rxe2 42. Kf3 Rh2 43. Kg4 Rh4+ 44. Kxg5 Re4 45. Rc7+ Kg8 46. Kg6 Kf8 47. Kf6 Ke8 48. Rc6 Rxe3 49. Rxe6+ Rxe6+ 50. Kxe6 c3 0-1